[Event "FIDE WRBTC Blitz-Pool 2024"]
[Site "Astana"]
[Date "2024.08.05"]
[Round "4.43"]
[White "Altair, Almir"]
[Black "Annaberdiyev, Meylis"]
[Result "0-1"]
[WhiteElo "1546"]
[BlackElo "2431"]
[Annotator "ChessBase"]
[PlyCount "74"]
[EventDate "2024.08.01"]
[EventType "team-tourn"]
[EventCountry "KAZ"]
[SourceTitle "playchess.com"]
[Source "ChessBase"]
[SourceQuality "1"]

1. e4 c5 2. Nc3 Nc6 3. f4 g6 4. Nf3 Bg7 5. Bc4 e6 6. d3 Nge7 7. O-O d5 8. Bb3 O-O 9. Qe1 Na5 10. f5 c4 11. Ba4 exf5 12. exd5 Nxd5 13. Bd2 Nxc3 14. Bxc3 Bxc3 15. Qxc3 cxd3 16. Rad1 b5 17. Bxb5 Qb6+ 18. Kh1 Qxb5 19. Nd4 Qc4 20. Qxa5 Qxd4 21. Rxd3 Qxb2 22. Rfd1 Bb7 23. Qc5 Rac8 24. Qd4 Qxd4 25. Rxd4 Rxc2 26. h3 Rxg2 27. Rb4 Rb2+ 28. Rxb7 Rxb7 29. a4 Re8 30. Rc1 Re2 31. Rc8+ Kg7 32. Rc1 Rbb2 33. Ra1 f4 34. h4 f3 35. h5 Rh2+ 36. Kg1 Rbg2+ 37. Kf1 Rh1# 0-1

[Event "FIDE WRBTC Blitz-Pool 2024"]
[Site "Astana"]
[Date "2024.08.05"]
[Round "4.44"]
[White "Nukin, Askhat"]
[Black "Suleimen, Ergali"]
[Result "1/2-1/2"]
[WhiteElo "2268"]
[BlackElo "2334"]
[Annotator "ChessBase"]
[PlyCount "80"]
[EventDate "2024.08.01"]
[EventType "team-tourn"]
[EventCountry "KAZ"]
[SourceTitle "playchess.com"]
[Source "ChessBase"]
[SourceQuality "1"]

1. e4 c5 2. Nf3 d6 3. d4 cxd4 4. Nxd4 Nf6 5. Nc3 a6 6. Be2 e6 7. O-O Be7 8. f4 Qc7 9. Be3 O-O 10. Qe1 b5 11. Bd3 Bb7 12. a3 Nbd7 13. Kh1 Nc5 14. Bd2 d5 15. e5 Nfe4 16. Bxe4 Nxe4 17. Nxe4 dxe4 18. c3 Kh8 19. Be3 Bd5 20. Nc2 a5 21. Bd4 Qb7 22. Ne3 b4 23. axb4 axb4 24. Rxa8 Rxa8 25. f5 bxc3 26. bxc3 Bf8 27. c4 Bc6 28. fxe6 fxe6 29. Qf2 Kg8 30. Ng4 e3 31. Nxe3 Be4 32. h3 Qd7 33. Ng4 Bf5 34. Bc5 Qc7 35. Bxf8 Rxf8 36. Ne3 Qxe5 37. Nxf5 Rxf5 38. Qe1 Qxe1 39. Rxe1 Rc5 40. Rxe6 Rxc4 1/2-1/2

[Event "FIDE WRBTC Blitz-Pool 2024"]
[Site "Astana"]
[Date "2024.08.05"]
[Round "4.44"]
[White "Halynyazov, Vepaly"]
[Black "Marat, Yasmin"]
[Result "1-0"]
[WhiteElo "2049"]
[BlackElo "1414"]
[Annotator "ChessBase"]
[PlyCount "65"]
[EventDate "2024.08.01"]
[EventType "team-tourn"]
[EventCountry "KAZ"]
[SourceTitle "playchess.com"]
[Source "ChessBase"]
[SourceQuality "1"]

1. d4 d5 2. c4 e6 3. Nf3 Nf6 4. Bg5 Be7 5. Nc3 c6 6. e3 Nbd7 7. cxd5 cxd5 8. Bd3 h6 9. Bh4 O-O 10. O-O Nb6 11. Rc1 Bd7 12. Ne5 Bc6 13. Bb1 Nbd7 14. Qd3 Nxe5 15. dxe5 Ne4 16. Bxe7 Qxe7 17. f3 Ng5 18. h4 Nxf3+ 19. Rxf3 g6 20. Rf6 Kh7 21. h5 Rg8 22. hxg6+ fxg6 23. Rxg6 Rxg6 24. Qxg6+ Kh8 25. Qxh6+ Kg8 26. Qg6+ Qg7 27. Qxe6+ Kh8 28. Qf6 d4 29. exd4 Rf8 30. Qxg7+ Kxg7 31. Rf1 Rd8 32. d5 Bxd5 33. Rd1 1-0

[Event "FIDE WRBTC Blitz-Pool 2024"]
[Site "Astana"]
[Date "2024.08.05"]
[Round "4.45"]
[White "Petukhov, Alan"]
[Black "Kozganbay, Erkin"]
[Result "1-0"]
[WhiteElo "2224"]
[BlackElo "2293"]
[Annotator "ChessBase"]
[PlyCount "73"]
[EventDate "2024.08.01"]
[EventType "team-tourn"]
[EventCountry "KAZ"]
[SourceTitle "playchess.com"]
[Source "ChessBase"]
[SourceQuality "1"]

1. c4 b6 2. d4 Bb7 3. Nf3 e6 4. g3 Bb4+ 5. Bd2 Bxf3 6. exf3 Bxd2+ 7. Qxd2 Nf6 8. Nc3 c6 9. d5 O-O 10. d6 c5 11. Bg2 Nc6 12. f4 Rc8 13. O-O Ne8 14. Rad1 Nd4 15. Nb5 Nxb5 16. cxb5 c4 17. Qb4 Rc5 18. Rd4 Qb8 19. Rfd1 Qc8 20. a4 c3 21. bxc3 Rxc3 22. Bc6 Rc5 23. Bf3 Nf6 24. a5 Qb8 25. Ra1 Nd5 26. Bxd5 exd5 27. axb6 axb6 28. Rad1 Qxd6 29. Qb3 Rfc8 30. Rxd5 Rxd5 31. Rxd5 Qe6 32. Qd1 Rc7 33. Re5 g6 34. Rxe6 fxe6 35. Qd4 Rc1+ 36. Kg2 Rc7 37. Qxb6 1-0

[Event "FIDE WRBTC Blitz-Pool 2024"]
[Site "Astana"]
[Date "2024.08.05"]
[Round "4.45"]
[White "Aitzhan, Karim"]
[Black "Turayev, Shahruh"]
[Result "0-1"]
[WhiteElo "1706"]
[BlackElo "2097"]
[Annotator "ChessBase"]
[PlyCount "98"]
[EventDate "2024.08.01"]
[EventType "team-tourn"]
[EventCountry "KAZ"]
[SourceTitle "playchess.com"]
[Source "ChessBase"]
[SourceQuality "1"]

1. c4 Nf6 2. g3 g6 3. Bg2 Bg7 4. Nf3 O-O 5. O-O c6 6. Nc3 d6 7. d3 Qa5 8. Rb1 Qh5 9. b4 Bh3 10. b5 Nbd7 11. bxc6 bxc6 12. e4 Ng4 13. Ne2 e5 14. d4 exd4 15. Nf4 Qa5 16. Bxh3 Nde5 17. Nxd4 h5 18. f3 Nf6 19. Qd2 Qc5 20. Qf2 Nfg4 21. Bxg4 hxg4 22. Nde6 Qxf2+ 23. Rxf2 fxe6 24. Nxe6 Nxf3+ 25. Kg2 Ne1+ 26. Kf1 Rxf2+ 27. Kxf2 Nd3+ 28. Ke2 Nxc1+ 29. Rxc1 Be5 30. c5 Kf7 31. Nc7 Rc8 32. Na6 Ke6 33. cxd6 Bxd6 34. Kd3 Rf8 35. Ke3 Rf3+ 36. Ke2 Ra3 37. Rxc6 Rxa2+ 38. Ke3 Kd7 39. Rxd6+ Kxd6 40. Nb4 Rxh2 41. Kf4 a5 42. Nd3 a4 43. Kxg4 a3 44. Nb4 Kc5 45. Nd3+ Kd4 46. Nc1 Kc3 47. e5 Rc2 48. e6 Rxc1 49. e7 Re1 0-1

[Event "FIDE WRBTC Blitz-Pool 2024"]
[Site "Astana"]
[Date "2024.08.05"]
[Round "4.46"]
[White "Agajanova, Meryem"]
[Black "Yerseit, Alim"]
[Result "0-1"]
[WhiteElo "2007"]
[BlackElo "1495"]
[Annotator "ChessBase"]
[PlyCount "57"]
[EventDate "2024.08.01"]
[EventType "team-tourn"]
[EventCountry "KAZ"]
[SourceTitle "playchess.com"]
[Source "ChessBase"]
[SourceQuality "1"]

1. d4 d6 2. e4 e5 3. Nf3 Nf6 4. Nc3 Bg4 5. Be3 Nbd7 6. Bc4 Be7 7. h3 Bh5 8. Qe2 c6 9. a4 Nxe4 10. Nxe4 d5 11. Ng3 Bxf3 12. gxf3 dxc4 13. Qxc4 exd4 14. Bxd4 O-O 15. O-O-O Bg5+ 16. Kb1 a6 17. Nf5 g6 18. Nd6 b5 19. Qxc6 bxa4 20. Ne4 Be7 21. Qxa4 Qc7 22. Bc3 Nb6 23. Qd4 f6 24. h4 Rad8 25. Qe3 Rb8 26. h5 Nc4 27. Qd4 Na3+ 28. Kc1 Rfd8 29. Qa4 0-1

[Event "FIDE WRBTC Blitz-Pool 2024"]
[Site "Astana"]
[Date "2024.08.05"]
[Round "4.46"]
[White "Ulkhanov, Azamat"]
[Black "Amangeldy, Ernur"]
[Result "1-0"]
[WhiteElo "2006"]
[BlackElo "2274"]
[Annotator "ChessBase"]
[PlyCount "53"]
[EventDate "2024.08.01"]
[EventType "team-tourn"]
[EventCountry "KAZ"]
[SourceTitle "playchess.com"]
[Source "ChessBase"]
[SourceQuality "1"]

1. e4 c5 2. Nf3 d6 3. d4 cxd4 4. Nxd4 Nf6 5. Nc3 Bd7 6. Bc4 e6 7. O-O a6 8. a4 Nc6 9. Bb3 Be7 10. f4 Qc7 11. f5 Nxd4 12. Qxd4 Rc8 13. Kh1 O-O 14. Bg5 Qc5 15. Qd2 b5 16. axb5 axb5 17. e5 Qxe5 18. Rae1 Qc5 19. Bxf6 Bxf6 20. Ne4 Qd4 21. Nxf6+ Qxf6 22. fxe6 Qd8 23. e7 Qb6 24. exf8=Q+ Rxf8 25. Re7 Be8 26. Rxe8 Rxe8 27. Bxf7+ 1-0

[Event "FIDE WRBTC Blitz-Pool 2024"]
[Site "Astana"]
[Date "2024.08.05"]
[Round "4.47"]
[White "Kaliakhmet, Elnaz"]
[Black "Momyn, Madina"]
[Result "1-0"]
[WhiteElo "2137"]
[BlackElo "1733"]
[Annotator "ChessBase"]
[PlyCount "109"]
[EventDate "2024.08.01"]
[EventType "team-tourn"]
[EventCountry "KAZ"]
[SourceTitle "playchess.com"]
[Source "ChessBase"]
[SourceQuality "1"]

1. d4 Nf6 2. c4 g6 3. Nc3 Bg7 4. e4 d6 5. h3 Nbd7 6. Be3 O-O 7. g4 c5 8. d5 a6 9. Nf3 Rb8 10. Nd2 Ne8 11. Qc2 Nc7 12. a4 b6 13. Be2 e6 14. h4 exd5 15. cxd5 b5 16. axb5 axb5 17. h5 Ne5 18. f3 Re8 19. Nd1 Na6 20. Nf2 Nb4 21. Qb3 Nc4 22. Nxc4 bxc4 23. Bxc4 Bd7 24. Qd1 Bxb2 25. Rb1 Bg7 26. hxg6 fxg6 27. Kf1 Bb5 28. Bxb5 Rxb5 29. Kg2 Qf6 30. Qe2 Rbb8 31. g5 Qf7 32. Ng4 Rf8 33. Rh3 Qa7 34. Rbh1 Bc3 35. Rxh7 Qxh7 36. Rxh7 Kxh7 37. Bd2 Bxd2 38. Qxd2 Ra8 39. Nf6+ Kg7 40. Qc3 Ra2+ 41. Kg3 Kf7 42. Qc4 Rb8 43. Qc3 Rba8 44. Ng4 R8a3 45. Qf6+ Ke8 46. Qxg6+ Kd7 47. Qe6+ Kc7 48. Qe7+ Kb6 49. Qxd6+ Kb5 50. Qd7+ Kc4 51. Ne5+ Kc3 52. Qc7 Ra5 53. g6 Na6 54. Qg7 Kd2 55. Nc4+ 1-0

[Event "FIDE WRBTC Blitz-Pool 2024"]
[Site "Astana"]
[Date "2024.08.05"]
[Round "4.47"]
[White "Degenbayev, Altair"]
[Black "Ezizov, Muhammet"]
[Result "0-1"]
[WhiteElo "1460"]
[BlackElo "1909"]
[Annotator "ChessBase"]
[PlyCount "130"]
[EventDate "2024.08.01"]
[EventType "team-tourn"]
[EventCountry "KAZ"]
[SourceTitle "playchess.com"]
[Source "ChessBase"]
[SourceQuality "1"]

1. e4 e6 2. d4 c5 3. dxc5 Bxc5 4. Nc3 Bb4 5. Nf3 Bxc3+ 6. bxc3 Nf6 7. Bd3 d6 8. Bg5 h6 9. Bh4 O-O 10. O-O Nc6 11. h3 b6 12. Nh2 Ne5 13. f4 Nxd3 14. cxd3 Qc7 15. Bxf6 gxf6 16. Qh5 Qc5+ 17. Qxc5 dxc5 18. Ng4 Kg7 19. Ne3 Rd8 20. Rfd1 Ba6 21. c4 Rd7 22. Rd2 Rad8 23. Rad1 Bb7 24. e5 fxe5 25. fxe5 Be4 26. Ng4 Rxd3 27. Rxd3 Rxd3 28. Rxd3 Bxd3 29. Ne3 a6 30. Kf2 b5 31. cxb5 axb5 32. Ke1 Be4 33. g3 f6 34. exf6+ Kxf6 35. Ng4+ Kg7 36. Ne5 b4 37. Kd2 Bd5 38. Nd3 Bxa2 39. Nxc5 Bd5 40. Kc2 Kf6 41. Nd3 Be4 42. Kd2 Bxd3 43. Kxd3 Kf5 44. Kc4 Ke4 45. h4 Kf3 46. Kxb4 Kxg3 47. Kc4 Kxh4 48. Kd4 Kg3 49. Ke5 h5 50. Kxe6 h4 51. Ke5 h3 52. Ke4 h2 53. Ke3 h1=Q 54. Kd3 Qe1 55. Kc4 Qd2 56. Kc5 Qd3 57. Kc6 Qd4 58. Kc7 Qd5 59. Kb6 Qc4 60. Kb7 Kf4 61. Kb6 Ke5 62. Kb7 Kd6 63. Kb6 Qb4+ 64. Ka7 Kc7 65. Ka6 Qa4# 0-1

[Event "FIDE WRBTC Blitz-Pool 2024"]
[Site "Astana"]
[Date "2024.08.05"]
[Round "4.48"]
[White "Sholpanbek, Zhansaya"]
[Black "Yerseit, Amir"]
[Result "1-0"]
[WhiteElo "1752"]
[BlackElo "1534"]
[Annotator "NA"]
[PlyCount "62"]
[EventDate "2024.08.01"]
[EventType "team-tourn"]
[EventCountry "KAZ"]
[SourceTitle "playchess.com"]
[Source "ChessBase"]
[SourceQuality "1"]

1. e4 c5 2. c3 Nf6 3. e5 Nd5 4. d4 cxd4 5. cxd4 Nc6 6. Nf3 d6 7. Bc4 Nb6 8. Bb5 Bd7 9. exd6 e6 10. Bf4 Qb8 11. Nc3 Bxd6 12. Be3 a6 13. Bd3 Qc7 14. O-O O-O 15. Rc1 Be7 16. d5 exd5 17. Bxb6 Qxb6 18. Nxd5 Qd8 19. Nxe7+ Qxe7 20. Re1 Qf6 21. Bxh7+ Kxh7 22. Qxd7 Rab8 23. h3 Rfd8 24. Qg4 Nd4 25. Ng5+ Kg8 26. Rc7 Re8 27. Rxe8+ Rxe8 28. Rxf7 Re1+ 29. Kh2 Qe5+ 30. f4 Qe3 31. Qc8+ Qe8 1-0

[Event "FIDE WRBTC Blitz-Pool 2024"]
[Site "Astana"]
[Date "2024.08.05"]
[Round "4.48"]
[White "Gein, Dmitriy"]
[Black "Akhmetov, Burkut"]
[Result "0-1"]
[WhiteElo "1723"]
[BlackElo "1400"]
[Annotator "NA"]
[PlyCount "68"]
[EventDate "2024.08.01"]
[EventType "team-tourn"]
[EventCountry "KAZ"]
[SourceTitle "playchess.com"]
[Source "ChessBase"]
[SourceQuality "1"]

1. c4 e5 2. Nc3 Nc6 3. Nf3 Nf6 4. e3 Bb4 5. Qc2 d5 6. cxd5 Nxd5 7. Bb5 Bxc3 8. bxc3 O-O 9. O-O Re8 10. d4 e4 11. Ne5 Nxe5 12. Bxe8 Ng4 13. Qxe4 Ngf6 14. Qd3 Qxe8 15. f3 c6 16. e4 Nc7 17. c4 b5 18. Bf4 Ne6 19. Be3 Nc7 20. Bf4 Ne6 21. Be3 Nc7 22. Bf4 Ne6 23. Be3 Nc7 24. cxb5 cxb5 25. d5 b4 26. Bd4 Ba6 27. Qe3 Bxf1 28. Bxf6 gxf6 29. Rxf1 Qe5 30. Rc1 Nxd5 31. Qc5 Nc3 32. Qc4 Rb8 33. a3 a5 34. a4 Qf4 0-1

[Event "FIDE WRBTC Blitz-Pool 2024"]
[Site "Astana"]
[Date "2024.08.05"]
[Round "5.1"]
[White "Sarana, Alexey"]
[Black "Saduakassov, Duman"]
[Result "1-0"]
[WhiteElo "2717"]
[BlackElo "1842"]
[Annotator "ChessBase"]
[PlyCount "71"]
[EventDate "2024.08.01"]
[EventType "team-tourn"]
[EventCountry "KAZ"]
[SourceTitle "playchess.com"]
[Source "ChessBase"]
[SourceQuality "1"]

1. d4 d5 2. c4 e6 3. Nc3 c6 4. e4 dxe4 5. Nxe4 Bb4+ 6. Nc3 Nf6 7. a3 Be7 8. Nf3 O-O 9. Bd3 b6 10. O-O Bb7 11. Qe2 Nbd7 12. Rd1 Re8 13. Bf4 Qc8 14. Ne5 a6 15. Bc2 c5 16. dxc5 Nxe5 17. Bxe5 Qxc5 18. Rd4 Qc6 19. Ne4 Nd7 20. Rxd7 Qxd7 21. Rd1 Qc6 22. Qg4 g6 23. Nf6+ Bxf6 24. Bxf6 e5 25. Bh4 Qxg2+ 26. Qxg2 Bxg2 27. Kxg2 Ra7 28. Be4 f5 29. Bc6 Rc8 30. Rd6 Rac7 31. Bd5+ Kg7 32. Bf6+ Kh6 33. Bxe5 b5 34. b3 bxc4 35. bxc4 Rc5 36. Rxa6 1-0

[Event "FIDE WRBTC Blitz-Pool 2024"]
[Site "Astana"]
[Date "2024.08.05"]
[Round "5.1"]
[White "Gurel, Ediz"]
[Black "Carlsen, Magnus"]
[Result "0-1"]
[WhiteElo "2602"]
[BlackElo "2832"]
[Annotator "TA"]
[PlyCount "70"]
[EventDate "2024.08.01"]
[EventType "team-tourn"]
[EventCountry "KAZ"]
[SourceTitle "playchess.com"]
[Source "ChessBase"]
[SourceQuality "1"]

1. e4 g6 2. d4 d6 3. Nc3 c6 4. Be3 Nf6 5. Be2 Bg7 6. Nf3 O-O 7. O-O b5 8. a3 Nbd7 9. h3 Qc7 10. d5 a6 11. dxc6 Qxc6 12. Nd4 Qc7 13. Qd2 Bb7 14. Bd3 Nc5 15. f3 d5 16. exd5 Nxd5 17. Nxd5 Bxd5 18. Rfd1 Rfd8 19. Qf2 Rac8 20. Bf1 Na4 21. c3 e5 22. Nc2 Nxb2 23. Rxd5 Rxd5 24. Nb4 Rd1 25. Qxb2 Rxa1 26. Qxa1 Qxc3 27. Qxc3 Rxc3 28. Bb6 Rxa3 29. Nc6 Rc3 30. Ne7+ Kf8 31. Nd5 Rc6 32. Kf2 Ke8 33. Bd3 Rd6 34. Be4 f5 35. Bc5 Rc6 0-1

[Event "FIDE WRBTC Blitz-Pool 2024"]
[Site "Astana"]
[Date "2024.08.05"]
[Round "5.2"]
[White "Nepomniachtchi, Ian"]
[Black "Zemlyanskii, Ivan"]
[Result "1-0"]
[WhiteElo "2767"]
[BlackElo "2543"]
[Annotator "TA"]
[PlyCount "85"]
[EventDate "2024.08.01"]
[EventType "team-tourn"]
[EventCountry "KAZ"]
[SourceTitle "playchess.com"]
[Source "ChessBase"]
[SourceQuality "1"]

1. e4 c5 2. Nf3 e6 3. d4 cxd4 4. Nxd4 Nc6 5. Nc3 Qc7 6. Be2 Nf6 7. Ndb5 Qb8 8. f4 a6 9. e5 axb5 10. exf6 gxf6 11. Nxb5 Bc5 12. c3 d5 13. Qd3 Bd7 14. Be3 Bxe3 15. Qxe3 Ne7 16. Nd4 e5 17. Nf3 Nf5 18. Qc5 e4 19. Nd4 Nxd4 20. Qxd4 Qxf4 21. Qxd5 Bc6 22. Qd4 Rd8 23. Rf1 Qxf1+ 24. Bxf1 Rxd4 25. cxd4 f5 26. g3 h5 27. Kf2 h4 28. Be2 hxg3+ 29. hxg3 Rh2+ 30. Ke3 Rg2 31. Re1 Rxg3+ 32. Kf4 Rg2 33. Kxf5 Rf2+ 34. Ke5 f5 35. d5 Bd7 36. Bh5+ Kd8 37. d6 Rh2 38. Bf7 Rh7 39. Bg6 Rh6 40. Rg1 e3 41. Bf7 Bb5 42. Rg8+ Kd7 43. Be8+ 1-0

[Event "FIDE WRBTC Blitz-Pool 2024"]
[Site "Astana"]
[Date "2024.08.05"]
[Round "5.2"]
[White "Gubaydulin, Talgat"]
[Black "Artemiev, Vladislav"]
[Result "0-1"]
[WhiteElo "2385"]
[BlackElo "2699"]
[Annotator "ChessBase"]
[PlyCount "72"]
[EventDate "2024.08.01"]
[EventType "team-tourn"]
[EventCountry "KAZ"]
[SourceTitle "playchess.com"]
[Source "ChessBase"]
[SourceQuality "1"]

1. e4 e5 2. Nf3 Nc6 3. d4 exd4 4. Bc4 Nf6 5. e5 Ne4 6. Qe2 Nc5 7. c3 Ne6 8. cxd4 Ncxd4 9. Nxd4 Nxd4 10. Qe4 Bb4+ 11. Nc3 Nc6 12. O-O Bxc3 13. bxc3 Qe7 14. f4 O-O 15. a4 d6 16. Ba3 g6 17. Qf3 Be6 18. Bb5 Qd7 19. Rad1 Bg4 20. Qg3 Bxd1 21. Rxd1 a6 22. Bc4 Rad8 23. h4 Qf5 24. Bd3 Qh5 25. Rf1 dxe5 26. Bxf8 exf4 27. Qxf4 Rxf8 28. Qxc7 Qe5 29. Qxb7 Qe3+ 30. Rf2 Ne5 31. Be2 Qxc3 32. Qxa6 Qc1+ 33. Kh2 Qe3 34. Kg1 Rb8 35. Qd6 Rb1+ 36. Bf1 Ng4 0-1

[Event "FIDE WRBTC Blitz-Pool 2024"]
[Site "Astana"]
[Date "2024.08.05"]
[Round "5.2"]
[White "Serikgali Daulet"]
[Black "Vidit, Santosh Gujrathi"]
[Result "1-0"]
[WhiteElo "1571"]
[BlackElo "2720"]
[Annotator "ChessBase"]
[PlyCount "47"]
[EventDate "2024.08.01"]
[EventType "team-tourn"]
[EventCountry "KAZ"]
[SourceTitle "playchess.com"]
[Source "ChessBase"]
[SourceQuality "1"]

1. d4 Nf6 2. c4 c5 3. d5 e6 4. Nc3 exd5 5. cxd5 d6 6. Nf3 g6 7. Bf4 Na6 8. e3 Nc7 9. h3 Bg7 10. Be2 O-O 11. O-O a6 12. a4 Re8 13. Bh2 Ne4 14. Nxe4 Rxe4 15. Nd2 Re8 16. Nc4 Be5 17. Bxe5 dxe5 18. Nb6 Rb8 19. d6 Na8 20. Nxc8 Qxc8 21. d7 Qc7 22. dxe8=N Rxe8 23. a5 Qc6 24. Qa4 1-0

[Event "FIDE WRBTC Blitz-Pool 2024"]
[Site "Astana"]
[Date "2024.08.05"]
[Round "5.3"]
[White "Andreikin, Dmitry"]
[Black "Rodionov, Adil"]
[Result "1-0"]
[WhiteElo "2729"]
[BlackElo "2353"]
[Annotator "RC"]
[PlyCount "41"]
[EventDate "2024.08.01"]
[EventType "team-tourn"]
[EventCountry "KAZ"]
[SourceTitle "playchess.com"]
[Source "ChessBase"]
[SourceQuality "1"]

1. Nf3 c5 2. c4 g6 3. Nc3 Bg7 4. g3 b6 5. Bg2 Bb7 6. O-O Nc6 7. e3 Nh6 8. d4 Nf5 9. d5 Na5 10. e4 Nd4 11. Nxd4 cxd4 12. Nb5 Nxc4 13. b3 d3 14. bxc4 Bxa1 15. Bf4 Bg7 16. Nc7+ Kf8 17. Nxa8 Bxa8 18. Qxd3 Qc8 19. a4 Bb7 20. Rb1 Ba6 21. a5 1-0

[Event "FIDE WRBTC Blitz-Pool 2024"]
[Site "Astana"]
[Date "2024.08.05"]
[Round "5.3"]
[White "Van Foreest, Jorden"]
[Black "Kalikhan, Abilmansur"]
[Result "0-1"]
[WhiteElo "2696"]
[BlackElo "1670"]
[Annotator "ChessBase"]
[PlyCount "63"]
[EventDate "2024.08.01"]
[EventType "team-tourn"]
[EventCountry "KAZ"]
[SourceTitle "playchess.com"]
[Source "ChessBase"]
[SourceQuality "1"]

1. e4 e5 2. Nf3 Nc6 3. Bc4 Bc5 4. b4 Bxb4 5. c3 Ba5 6. d4 b5 7. Bxb5 Nxd4 8. Nxd4 exd4 9. Qxd4 Qf6 10. O-O Bb6 11. Qd3 Ne7 12. Nd2 O-O 13. Nf3 Ng6 14. Bg5 Qe6 15. Rad1 h6 16. Bc4 Qe8 17. Be3 d6 18. Bd4 Be6 19. Rfe1 Nf4 20. Qf1 Qa4 21. Bxe6 fxe6 22. Rd2 e5 23. Be3 Bxe3 24. Rxe3 Rab8 25. g3 Ne6 26. Nh4 Ng5 27. Nf5 Nxe4 28. Ne7+ Kf7 29. Rde2 Ng5 30. h4 Ne6 31. Nd5 Qc4 32. Rd2 0-1

[Event "FIDE WRBTC Blitz-Pool 2024"]
[Site "Astana"]
[Date "2024.08.05"]
[Round "5.3"]
[White "Shogdzhiev, Roman"]
[Black "Abdusattorov, Nodirbek"]
[Result "0-1"]
[WhiteElo "2124"]
[BlackElo "2762"]
[Annotator "TA"]
[PlyCount "86"]
[EventDate "2024.08.01"]
[EventType "team-tourn"]
[EventCountry "KAZ"]
[SourceTitle "playchess.com"]
[Source "ChessBase"]
[SourceQuality "1"]

1. e4 c5 2. Nf3 d6 3. d4 cxd4 4. Nxd4 Nf6 5. Nc3 a6 6. g3 g6 7. Bg2 Bg7 8. O-O O-O 9. a4 Bg4 10. Nde2 Nc6 11. h3 Bd7 12. Be3 Rc8 13. Nd5 Nxd5 14. exd5 Na5 15. Bd4 Bxd4 16. Nxd4 Qb6 17. b3 Qb4 18. c4 b5 19. axb5 axb5 20. Qe1 Qc5 21. Qxa5 Qxd4 22. cxb5 Rb8 23. Qa7 Qxa7 24. Rxa7 Bxb5 25. Re1 Bd3 26. Raxe7 Rxb3 27. R7e3 Rfb8 28. Re8+ Rxe8 29. Rxe8+ Kg7 30. f4 Bc4 31. Rd8 Rb6 32. g4 h6 33. h4 Kf6 34. Rd7 Bb5 35. g5+ hxg5 36. hxg5+ Kg7 37. Rd8 Ra6 38. Kf2 Bd3 39. Ke3 Bf5 40. Kf2 f6 41. Bf1 Rb6 42. Ra8 fxg5 43. fxg5 Be4 0-1

[Event "FIDE WRBTC Blitz-Pool 2024"]
[Site "Astana"]
[Date "2024.08.05"]
[Round "5.4"]
[White "Kovanova, Mariya"]
[Black "Maghsoodloo, Parham"]
[Result "0-1"]
[WhiteElo "2118"]
[BlackElo "2723"]
[Annotator "RC"]
[PlyCount "79"]
[EventDate "2024.08.01"]
[EventType "team-tourn"]
[EventCountry "KAZ"]
[SourceTitle "playchess.com"]
[Source "ChessBase"]
[SourceQuality "1"]

1. e4 c5 2. d4 cxd4 3. Qxd4 Nc6 4. Qd3 Nf6 5. Nc3 a6 6. Nf3 d6 7. Be2 e6 8. O-O Be7 9. Bf4 O-O 10. Rad1 Qa5 11. a3 Rd8 12. Rfe1 h6 13. h3 b5 14. Bf1 Bb7 15. Bg3 Rac8 16. Nd4 Ne5 17. Qe3 Nc4 18. Bxc4 Rxc4 19. Nb3 Qc7 20. f3 Nd7 21. Kh1 Rc8 22. Nd2 Rc6 23. Qf2 Ne5 24. f4 Nc4 25. Nxc4 Rxc4 26. f5 e5 27. Bh4 Bf8 28. Kh2 b4 29. axb4 Rxb4 30. f6 g6 31. Rd2 Rxb2 32. Nd5 Bxd5 33. exd5 Rxc2 34. Ree2 Rxd2 35. Rxd2 Qc4 36. Bg3 h5 37. Qe3 Kh7 38. Qe1 Bh6 39. Rd1 Rc5 40. Bf2 0-1

[Event "FIDE WRBTC Blitz-Pool 2024"]
[Site "Astana"]
[Date "2024.08.05"]
[Round "5.4"]
[White "Almazuly, Azamat"]
[Black "Erdogmus, Yagiz Kaan"]
[Result "0-1"]
[WhiteElo "1720"]
[BlackElo "2599"]
[Annotator "ChessBase"]
[PlyCount "72"]
[EventDate "2024.08.01"]
[EventType "team-tourn"]
[EventCountry "KAZ"]
[SourceTitle "playchess.com"]
[Source "ChessBase"]
[SourceQuality "1"]

1. d4 Nf6 2. Bg5 g6 3. Bxf6 exf6 4. c4 b6 5. Nc3 Bb7 6. e3 f5 7. a3 Bg7 8. Nf3 O-O 9. g3 c5 10. d5 Bxc3+ 11. bxc3 d6 12. Bg2 Nd7 13. O-O Qf6 14. Qc2 Rfe8 15. Rfe1 Kg7 16. Rad1 Re7 17. h4 h5 18. Nd2 Ne5 19. e4 f4 20. a4 Ba6 21. Bf1 Rae8 22. Kg2 Bc8 23. Be2 Bg4 24. Bxg4 hxg4 25. Rf1 Nf3 26. Qd3 Nxd2 27. Rxd2 Rxe4 28. f3 Re3 29. Qc2 gxf3+ 30. Rxf3 Rxf3 31. Kxf3 Re3+ 32. Kf2 Rxc3 33. Qd1 fxg3+ 34. Kg2 Qxh4 35. Qg1 Qe4+ 36. Kf1 Rc1+ 0-1

[Event "FIDE WRBTC Blitz-Pool 2024"]
[Site "Astana"]
[Date "2024.08.05"]
[Round "5.5"]
[White "Lagno, Kateryna"]
[Black "Primbetov, Kazbek"]
[Result "1-0"]
[WhiteElo "2532"]
[BlackElo "2059"]
[Annotator "ChessBase"]
[PlyCount "57"]
[EventDate "2024.08.01"]
[EventType "team-tourn"]
[EventCountry "KAZ"]
[SourceTitle "playchess.com"]
[Source "ChessBase"]
[SourceQuality "1"]

1. e4 e6 2. d4 d5 3. exd5 exd5 4. Nf3 Bd6 5. c4 Nf6 6. Nc3 Bg4 7. h3 Bh5 8. cxd5 O-O 9. Be2 h6 10. O-O Nbd7 11. Qb3 Nb6 12. a4 a5 13. Kh1 Re8 14. Be3 Bb4 15. Bb5 Rf8 16. Ne5 Nfxd5 17. Bd2 c6 18. Bd3 Re8 19. Rae1 Rb8 20. Ne4 Bxd2 21. Nxd2 Nf6 22. Ndf3 Bxf3 23. Qxf7+ Kh8 24. Ng6+ Kh7 25. Ne5+ Kh8 26. Nxf3 Qd5 27. Qg6 Qg8 28. Ne5 Nbd5 29. Nf7+ 1-0

[Event "FIDE WRBTC Blitz-Pool 2024"]
[Site "Astana"]
[Date "2024.08.05"]
[Round "5.5"]
[White "Muzychuk, Anna"]
[Black "Kiribayeva, Togzhan"]
[Result "1-0"]
[WhiteElo "2525"]
[BlackElo "1544"]
[Annotator "ChessBase"]
[PlyCount "101"]
[EventDate "2024.08.01"]
[EventType "team-tourn"]
[EventCountry "KAZ"]
[SourceTitle "playchess.com"]
[Source "ChessBase"]
[SourceQuality "1"]

1. e4 c5 2. Nc3 Nc6 3. Bb5 g6 4. Bxc6 dxc6 5. d3 Bg7 6. f4 Nf6 7. Nf3 O-O 8. O-O Nd7 9. Be3 b6 10. h3 e5 11. Qd2 Qe7 12. f5 f6 13. g4 Ba6 14. b3 b5 15. a4 Rab8 16. axb5 Bxb5 17. Rxa7 Qd6 18. Nh4 g5 19. Nf3 Ra8 20. Rfa1 Rxa7 21. Rxa7 Nb6 22. Qf2 Nd7 23. Ne2 Rd8 24. Ng3 Qb8 25. Ra1 Bf8 26. Nh5 Qd6 27. Kg2 Nb6 28. h4 h6 29. hxg5 hxg5 30. Nxf6+ Qxf6 31. Bxg5 Qd6 32. Bxd8 Qxd8 33. g5 Nd7 34. Rh1 Bg7 35. Qh4 Kf8 36. f6 Nxf6 37. gxf6 Qxf6 38. Qxf6+ Bxf6 39. Rh5 Ke7 40. Nxe5 Bxe5 41. Rxe5+ Kd6 42. Rg5 Ba6 43. Kf3 Bc8 44. Kf4 Be6 45. Rg6 Kd7 46. Ke5 Bf7 47. Rg7 Ke7 48. Kf5 Kf8 49. Kf6 Bh5 50. Rh7 Kg8 51. Rxh5 1-0